Statistics for Star Trek: Voyager Crew

Click here to take the quiz!

General Stats

  • This quiz has been taken 37 times
  • The average score is 14 of 20

Answer Stats

Position/RoleCharacter% Correct
Astrometrics Officer, U.S.S. VoyagerSeven of Nine
97%
Captain, U.S.S. VoyagerKathryn Janeway
94%
Helmsman, U.S.S. VoyagerTom Paris
94%
Chief Medical Officer, U.S.S. VoyagerEmergency Medical Hologram
91%
Operations Officer, U.S.S. VoyagerHarry Kim
91%
First Officer, U.S.S. VoyagerChakotay
88%
Powerful Annoyance, Played by John de LancieQ
88%
Chief Engineer, U.S.S. VoyagerB'Elanna Torres
84%
Chief of Security, U.S.S. VoyagerTuvok
84%
Nurse, Botanist, etc, U.S.S. Voyager (Seasons 1-4)Kes
81%
Chef, Morale Officer, U.S.S. VoyagerNeelix
81%
Daughter of Science OfficerNaomi Wildman
59%
Alpha Quadrant Engineer Who Tries to Bring Voyager HomeReginald Barclay
56%
Science Officer, U.S.S. VoyagerSamantha Wildman
53%
Cardassian SpySeska
53%
Being who Brought Voyager to the Delta QuadrantThe Caretaker
53%
Former Borg Drone, Joined Starfleet AcademyIcheb
34%
Recurring Vulcan Engineer, U.S.S. VoyagerVorik
28%
Recurring Engineer, U.S.S. VoyagerJoe Carey
25%
Sociopathic Betazoid, U.S.S. VoyagerLon Suder
22%

Score Distribution

Percentile by Number Answered

Percent of People with Each Score

Your Score History

You have not taken this quiz